[Event "Herforder SV Königsspringer 1 - SK Hols"]
[Site "NRW-Klasse, Gruppe 2 2013/201"]
[Date "2014.03.09"]
[Round "7.4"]
[White "Loemker, Michael"]
[Black "Bobzin, Pierre"]
[Result "1/2-1/2"]
[WhiteElo "2078"]
[BlackElo "2067"]
[PlyCount "84"]
[EventDate "2014.??.??"]
[WhiteTeam "Herforder SV Königsspringer 1"]
[BlackTeam "SK Holsterhausen 1"]

1. d4 Nf6 2. c4 d6 3. Nc3 Nbd7 4. e4 e5 5. d5 g6 6. Nf3 Bg7 7. Be2 O-O 8. O-O
Nc5 9. Nd2 a5 10. Qc2 Ne8 11. f3 f5 12. b3 Bh6 13. Nd1 Nf6 14. Bd3 Bxd2 15.
Bxd2 f4 16. Nf2 g5 17. Be2 h5 18. b4 axb4 19. Bxb4 b6 20. a4 Nb7 21. g3 Qe8 22.
gxf4 gxf4 23. Kh1 Kh8 24. Rg1 Bd7 25. Bf1 Bxa4 26. Qc1 Bd7 27. Bh3 Rxa1 28.
Qxa1 Qc8 29. Qf1 Rg8 30. Rxg8+ Kxg8 31. Be1 Kf7 32. Bxd7 Qxd7 33. Nh3 Nh7 34.
Bh4 Qc8 35. Qg2 Qg8 36. Qa2 Nc5 37. Qa3 Qc8 38. Ng1 Qa6 39. Qc1 Nb3 40. Qf1 Qc8
41. Be1 Nd4 42. Qg2 Nb3 1/2-1/2

[Event "Herforder SV Königsspringer 1 - SK Hols"]
[Site "NRW-Klasse, Gruppe 2 2013/201"]
[Date "2014.03.09"]
[Round "7.5"]
[White "Sicars, Thorsten"]
[Black "Quelle, Helmut"]
[Result "1/2-1/2"]
[WhiteElo "1945"]
[BlackElo "2060"]
[PlyCount "89"]
[EventDate "2014.??.??"]
[WhiteTeam "SK Holsterhausen 1"]
[BlackTeam "Herforder SV Königsspringer 1"]

1. d4 Nf6 2. Bg5 e6 3. Nd2 d5 4. e3 Be7 5. f4 Nbd7 6. Bd3 c5 7. c3 b6 8. Nh3
Bb7 9. Nf2 Ng8 10. Bxe7 Nxe7 11. O-O Nf5 12. Qf3 Nd6 13. g4 f5 14. Qh3 Qf6 15.
Nf3 O-O-O 16. Ne5 g5 17. Kh1 h5 18. gxf5 g4 19. Qg2 exf5 20. Kg1 Rdg8 21. Nh1
h4 22. Rfc1 Qh6 23. Nxd7 Kxd7 24. Qc2 Qe6 25. Re1 g3 26. h3 g2 27. Nf2 c4 28.
Be2 Rg3 29. Ng4 fxg4 30. Bxg4 Rxg4 31. hxg4 Qxg4 32. Qxg2 Rg8 33. Qxg4+ Rxg4+
34. Kh2 Rg3 35. Re2 Nf5 36. Rg1 Ke7 37. Rxg3 Nxg3 38. Re1 Bc8 39. b3 b5 40. a4
a6 41. bxc4 bxc4 42. Rb1 Ne4 43. Rb6 Nxc3 44. a5 Nd1 45. Rc6 1/2-1/2

[Event "Herforder SV Königsspringer 1 - SK Hols"]
[Site "NRW-Klasse, Gruppe 2 2013/201"]
[Date "2014.03.09"]
[Round "7.7"]
[White "Warmbier, Robert"]
[Black "Heuermann, Heinz-Burkhard"]
[Result "1-0"]
[WhiteElo "1843"]
[BlackElo "1925"]
[PlyCount "65"]
[EventDate "2014.??.??"]
[WhiteTeam "SK Holsterhausen 1"]
[BlackTeam "Herforder SV Königsspringer 1"]

1. e4 c5 2. Nf3 e6 3. b3 Nc6 4. Bb2 d6 5. Nc3 Nf6 6. d4 cxd4 7. Nxd4 Bd7 8. Be2
Be7 9. Ndb5 Bc8 10. Ba3 O-O 11. Bxd6 Bxd6 12. Qxd6 Qa5 13. Qc7 Qb4 14. a3 Qc5
15. b4 Qg5 16. Qg3 Qxg3 17. hxg3 Rd8 18. Rd1 Rxd1+ 19. Kxd1 Bd7 20. Nd6 b6 21.
Kc1 Nd4 22. f3 a5 23. b5 Ra7 24. Bd3 Rc7 25. Kb2 Ne8 26. e5 Nxd6 27. exd6 Rc5
28. Bxh7+ Kf8 29. Bd3 f5 30. Rh8+ Kf7 31. Rb8 Bxb5 32. Bxb5 Nxb5 33. d7 1-0

[Event "SVG Plettenberg 1 - SV Würselen 1"]
[Site "NRW-Klasse, Gruppe 2 2013/201"]
[Date "2014.03.09"]
[Round "7.1"]
[White "Hovhanisian, Mher"]
[Black "Szabo, Gergely-Andras-Gyul"]
[Result "1/2-1/2"]
[WhiteElo "2504"]
[BlackElo "2538"]
[PlyCount "152"]
[EventDate "2014.??.??"]
[WhiteTeam "SV Würselen 1"]
[BlackTeam "SVG Plettenberg 1"]

1. e4 c5 2. c3 d5 3. exd5 Qxd5 4. d4 Nf6 5. Nf3 Bg4 6. Be2 e6 7. O-O Nc6 8. h3
Bh5 9. c4 Qd8 10. d5 Bxf3 11. Bxf3 exd5 12. Bxd5 Be7 13. Bxc6+ bxc6 14. Qf3 O-O
15. Qxc6 Qd3 16. Re1 Qxc4 17. Nc3 Rfc8 18. Qf3 Bf8 19. Bg5 Qa6 20. Bxf6 Qxf6
21. Qxf6 gxf6 22. Nd5 Kh8 23. Rac1 c4 24. Ne3 Bh6 25. Rc2 Bxe3 26. Rxe3 Kg7 27.
Kf1 Rab8 28. Ke2 Rc5 29. Kd2 Rd5+ 30. Kc1 Rbd8 31. Re1 Rd4 32. Rce2 a5 33. Re4
Rd2 34. R1e2 Rd1+ 35. Kc2 Rg1 36. f3 Rc8 37. Kc3 a4 38. a3 Rd1 39. Rd2 Rb1 40.
Rc2 Rb8 41. Rxc4 Rb3+ 42. Kd4 R1xb2 43. Rxb2 Rxb2 44. Rxa4 Rxg2 45. Ke3 Ra2 46.
Rg4+ Kh6 47. a4 Ra3+ 48. Kf2 f5 49. Rb4 Kg6 50. Kg3 f6 51. Kf4 h5 52. h4 Ra2
53. Ke3 Ra3+ 54. Kf4 Ra2 55. Rc4 Ra3 56. Kg3 Ra2 57. Rd4 Ra3 58. Kf2 Ra2+ 59.
Ke3 Ra3+ 60. Ke2 Ra2+ 61. Kd1 Kf7 62. Kc1 Ke6 63. Kb1 Ra3 64. f4 Rh3 65. Kc2
Rxh4 66. a5 Rg4 67. a6 Rg8 68. Kd3 h4 69. Rb4 h3 70. Rb6+ Kd5 71. Rb5+ Kd6 72.
Rxf5 Rh8 73. a7 h2 74. a8=Q Rxa8 75. Rxf6+ Kd5 76. Rf5+ Ke6 1/2-1/2

[Event "SVG Plettenberg 1 - SV Würselen 1"]
[Site "NRW-Klasse, Gruppe 2 2013/201"]
[Date "2014.03.09"]
[Round "7.2"]
[White "Haub, Thorsten Michael"]
[Black "Cekro, Ekrem"]
[Result "1-0"]
[WhiteElo "2455"]
[BlackElo "2360"]
[PlyCount "91"]
[EventDate "2014.??.??"]
[WhiteTeam "SVG Plettenberg 1"]
[BlackTeam "SV Würselen 1"]

1. g3 c5 2. Bg2 Nc6 3. e4 g6 4. d3 Bg7 5. Nf3 e6 6. O-O Nge7 7. Nbd2 O-O 8. Re1
e5 9. a4 d6 10. c3 h6 11. Nc4 Be6 12. Nfd2 b6 13. Ne3 d5 14. Qf3 d4 15. Nd5 f5
16. Nxe7+ Nxe7 17. exf5 Bd5 18. Qe2 dxc3 19. bxc3 Bxg2 20. Kxg2 gxf5 21. Nf3
Nc6 22. d4 e4 23. Nh4 Kh7 24. Ba3 Qf6 25. Rad1 Rf7 26. dxc5 Bf8 27. Rd5 Ne5 28.
c4 Qe6 29. f3 Re8 30. fxe4 f4 31. Rf1 fxg3 32. hxg3 Rxf1 33. Qxf1 Ng4 34. Qf5+
Qxf5 35. Nxf5 bxc5 36. Rd7+ Kg8 37. Rxa7 Rxe4 38. Bc1 Rxc4 39. Bf4 Rc2+ 40. Kh3
Nf2+ 41. Kh4 Ne4 42. Kh5 Nf6+ 43. Kg6 Ng4 44. Ne7+ Bxe7 45. Rxe7 Kf8 46. Bd6
1-0

[Event "SVG Plettenberg 1 - SV Würselen 1"]
[Site "NRW-Klasse, Gruppe 2 2013/201"]
[Date "2014.03.09"]
[Round "7.3"]
[White "Goossens, Etienne"]
[Black "Bosch, Jeroen"]
[Result "0-1"]
[WhiteElo "2209"]
[BlackElo "2346"]
[PlyCount "54"]
[EventDate "2014.??.??"]
[WhiteTeam "SV Würselen 1"]
[BlackTeam "SVG Plettenberg 1"]

1. Nf3 d6 2. e4 Nf6 3. Nc3 c5 4. Bb5+ Bd7 5. Bxd7+ Nbxd7 6. O-O g6 7. Qe2 Bg7
8. e5 dxe5 9. Nxe5 O-O 10. Re1 e6 11. Nxd7 Qxd7 12. d3 Nd5 13. Bd2 Nb4 14. Bg5
h6 15. Bf4 b6 16. Qd2 Kh7 17. Re3 g5 18. Bxg5 hxg5 19. Rh3+ Kg6 20. Ne4 f6 21.
f4 g4 22. Rg3 f5 23. Ng5 Rae8 24. h3 Qd4+ 25. Kh2 Qxb2 26. Re1 Qxc2 27. Qe3 Bd4
0-1

[Event "SVG Plettenberg 1 - SV Würselen 1"]
[Site "NRW-Klasse, Gruppe 2 2013/201"]
[Date "2014.03.09"]
[Round "7.4"]
[White "Klip, Hans"]
[Black "Hamblok, Roel"]
[Result "1/2-1/2"]
[WhiteElo "2300"]
[BlackElo "2270"]
[Annotator "Doe,John"]
[PlyCount "65"]
[EventDate "2014.??.??"]
[WhiteTeam "SVG Plettenberg 1"]
[BlackTeam "SV Würselen 1"]

1. e4 c6 2. d4 d5 3. f3 dxe4 4. fxe4 e5 5. Nf3 Bg4 6. c3 Nd7 7. Bd3 Ngf6 8. O-O
Bd6 9. Kh1 O-O 10. Bg5 Qc7 11. Nbd2 Rfe8 12. Qc2 b5 13. Rae1 Nh5 14. Rf2 a6 15.
Ref1 c5 16. Qb1 h6 17. Be3 cxd4 18. cxd4 exd4 19. Bxd4 Re7 20. e5 Nxe5 21. Bh7+
Kh8 22. Be4 Rae8 23. Nh4 Nc4 24. Ng6+ Kg8 25. Nxe7+ Rxe7 26. Nxc4 bxc4 27. Bh7+
Kh8 28. Bg6 Bxh2 29. Bxh5 Bxh5 30. Qf5 Bg6 31. Qc5 Bd6 $11 32. Qxc7 Bxc7 33.
Rf3 1/2-1/2

[Event "SVG Plettenberg 1 - SV Würselen 1"]
[Site "NRW-Klasse, Gruppe 2 2013/201"]
[Date "2014.03.09"]
[Round "7.5"]
[White "Verstraeten, Reinaert"]
[Black "Bouaraba, Max"]
[Result "1/2-1/2"]
[WhiteElo "2263"]
[BlackElo "2156"]
[PlyCount "44"]
[EventDate "2014.??.??"]
[WhiteTeam "SV Würselen 1"]
[BlackTeam "SVG Plettenberg 1"]

1. e4 d5 2. exd5 Nf6 3. d4 Bg4 4. Be2 Bxe2 5. Nxe2 Qxd5 6. O-O e6 7. Nbc3 Qa5
8. Qd3 Nc6 9. Bd2 O-O-O 10. Nb5 Bb4 11. Bxb4 Nxb4 12. Qc4 a6 13. a3 Nbd5 14.
Nbc3 Nxc3 15. bxc3 Qd5 16. Qb3 Qxb3 17. cxb3 Rhe8 18. Rad1 e5 19. dxe5 Rxe5 20.
Rxd8+ Kxd8 21. Rd1+ Rd5 22. Rxd5+ Nxd5 1/2-1/2

[Event "SVG Plettenberg 1 - SV Würselen 1"]
[Site "NRW-Klasse, Gruppe 2 2013/201"]
[Date "2014.03.09"]
[Round "7.6"]
[White "Jansen, Dirk Norbert"]
[Black "Andok, Claus Michael"]
[Result "1/2-1/2"]
[WhiteElo "2134"]
[BlackElo "2079"]
[PlyCount "30"]
[EventDate "2014.??.??"]
[WhiteTeam "SVG Plettenberg 1"]
[BlackTeam "SV Würselen 1"]

1. e4 g6 2. d4 Bg7 3. Nc3 c6 4. Bc4 b5 5. Bb3 a5 6. Qf3 e6 7. e5 a4 8. Nxb5
Qa5+ 9. Nc3 axb3 10. Bd2 f5 11. cxb3 Bh6 12. Nge2 Ba6 13. Nf4 Qb6 14. Be3 Qa5
15. Rg1 Bxf4 1/2-1/2

[Event "SVG Plettenberg 1 - SV Würselen 1"]
[Site "NRW-Klasse, Gruppe 2 2013/201"]
[Date "2014.03.09"]
[Round "7.7"]
[White "Kinderreich, Toni"]
[Black "Kuhnen, Thomas"]
[Result "1/2-1/2"]
[WhiteElo "2061"]
[BlackElo "2044"]
[PlyCount "117"]
[EventDate "2014.??.??"]
[WhiteTeam "SV Würselen 1"]
[BlackTeam "SVG Plettenberg 1"]

1. Nf3 Nf6 2. d4 d5 3. Bf4 e6 4. Nbd2 Bd6 5. Ne5 Nh5 6. Bg3 Nxg3 7. hxg3 Bxe5
8. dxe5 c5 9. e3 Nc6 10. Bb5 Bd7 11. Qg4 g6 12. Bxc6 Bxc6 13. O-O-O h5 14. Qf4
Qe7 15. g4 g5 16. Qf3 h4 17. g3 O-O-O 18. gxh4 gxh4 19. Qf4 Rdg8 20. Nf3 Bb5
21. Rde1 Rd8 22. g5 h3 23. Qg4 h2 24. Rxh2 Rxh2 25. Nxh2 d4 26. Nf1 Qc7 27. Qf4
Qa5 28. Nd2 Qxa2 29. exd4 cxd4 30. Nb1 Rd7 31. Rh1 Qd5 32. Rd1 Be2 33. Nc3 Qc4
34. Nxe2 Qxe2 35. b3 Qa6 36. Kb2 Qb6 37. Rd3 a5 38. Qd2 Kb8 39. f4 Rd5 40. Qh2
Rd8 41. Qh7 Qc7 42. Rh3 Rd7 43. Qd3 Qc6 44. Qd2 b6 45. Qd3 Ka7 46. Rh8 Qd5 47.
Rh7 Kb7 48. g6 fxg6 49. Rxd7+ Qxd7 50. Qxg6 Qc6 51. Qh7+ Kb8 52. Qd3 Qc5 53.
Qg3 Qc6 54. f5 exf5 55. e6+ Kc8 56. Qg8+ Kc7 57. Qf7+ Kd6 58. Qxf5 Qc3+ 59. Ka2
1/2-1/2

[Event "SVG Plettenberg 1 - SV Würselen 1"]
[Site "NRW-Klasse, Gruppe 2 2013/201"]
[Date "2014.03.09"]
[Round "7.8"]
[White "Schulze, Marc"]
[Black "Blagojevic, Lubo"]
[Result "1/2-1/2"]
[WhiteElo "2071"]
[BlackElo "2033"]
[PlyCount "117"]
[EventDate "2014.??.??"]
[WhiteTeam "SVG Plettenberg 1"]
[BlackTeam "SV Würselen 1"]

1. d4 d5 2. Bf4 c6 3. c3 Qb6 4. Qb3 Bf5 5. Nf3 Nd7 6. e3 e6 7. Be2 Ngf6 8. h3
Ne4 9. O-O Bd6 10. Bxd6 Nxd6 11. Nbd2 Qxb3 12. axb3 Ke7 13. b4 a6 14. Nh4 g5
15. Nxf5+ exf5 16. f3 Nf6 17. Rae1 Rae8 18. Bd3 Nh5 19. e4 dxe4 20. fxe4 fxe4
21. Nxe4 Nxe4 22. Bxe4 Kf8 23. Kh2 Kg7 24. Bd3 Nf4 25. Bc4 f6 26. g3 Nd5 27.
Bxd5 cxd5 28. Kg2 h5 29. Kf2 Kf7 30. Rxe8 Rxe8 31. Ra1 Re6 32. Ra5 b5 33. b3
Rc6 34. Ra1 Rxc3 35. Rxa6 Rxb3 36. Rd6 Rxb4 37. Rxd5 Ke6 38. Rc5 Rb3 39. Kg2 b4
40. Rb5 Rb1 41. h4 g4 42. Rxh5 Rd1 43. Rb5 Rxd4 44. Kf2 Re4 45. h5 Kf7 46. Rb7+
Kg8 47. h6 f5 48. Rg7+ Kh8 49. Rb7 Re6 50. Rxb4 Kh7 51. Rb5 Rf6 52. Ke3 Kxh6
53. Kf4 Kg6 54. Rb8 Re6 55. Rg8+ Kf6 56. Rf8+ Kg6 57. Rg8+ Kf6 58. Rf8+ Kg6 59.
Rg8+ 1/2-1/2

[Event "SG Solingen 3 - SV Letmathe 1"]
[Site "NRW-Klasse, Gruppe 2 2013/201"]
[Date "2014.03.09"]
[Round "7.1"]
[White "Podzielny, Karl-Heinz"]
[Black "Kniest, Oliver"]
[Result "1-0"]
[WhiteElo "2377"]
[BlackElo "2257"]
[PlyCount "65"]
[EventDate "2014.??.??"]
[WhiteTeam "SV Letmathe 1"]
[BlackTeam "SG Solingen 3"]

1. d4 Nf6 2. Nf3 e6 3. g3 b6 4. Bg2 Bb7 5. O-O Be7 6. c4 O-O 7. d5 Na6 8. Nh4
Nc5 9. Nc3 Ne8 10. Nf3 Bf6 11. Nd4 Nd6 12. b3 Re8 13. Be3 a5 14. Rc1 g6 15.
Ndb5 Nxb5 16. Nxb5 exd5 17. cxd5 d6 18. Bh6 Ba6 19. Nd4 Bg5 20. Bxg5 Qxg5 21.
Re1 Qf6 22. Rc3 Ne4 23. Rf3 Qe5 24. Rf4 Nc5 25. h4 Nd3 26. Nf3 Nxe1 27. Nxe5
dxe5 28. Rf6 Nxg2 29. Kxg2 Bb7 30. e4 h5 31. g4 hxg4 32. Qxg4 Kg7 33. Qg5 1-0

[Event "SG Solingen 3 - SV Letmathe 1"]
[Site "NRW-Klasse, Gruppe 2 2013/201"]
[Date "2014.03.09"]
[Round "7.2"]
[White "Hobusch, Alexander"]
[Black "Adamski, Jan"]
[Result "1/2-1/2"]
[WhiteElo "2187"]
[BlackElo "2281"]
[PlyCount "38"]
[EventDate "2014.??.??"]
[WhiteTeam "SG Solingen 3"]
[BlackTeam "SV Letmathe 1"]

1. d4 Nf6 2. Nf3 e6 3. e3 b6 4. Bd3 Bb7 5. O-O c5 6. c4 Be7 7. Nc3 cxd4 8. exd4
d5 9. cxd5 Nxd5 10. Ne5 O-O 11. Qh5 g6 12. Qh3 Nc6 13. Bh6 Nxd4 14. Bxf8 Bxf8
15. Nxf7 Kxf7 16. Qxh7+ Bg7 17. Qxg6+ Kf8 18. Nxd5 Bxd5 19. Rfe1 Qf6 1/2-1/2

[Event "SG Solingen 3 - SV Letmathe 1"]
[Site "NRW-Klasse, Gruppe 2 2013/201"]
[Date "2014.03.09"]
[Round "7.3"]
[White "Webb, Laurence"]
[Black "Hobusch, Jan"]
[Result "0-1"]
[WhiteElo "2260"]
[BlackElo "2077"]
[PlyCount "140"]
[EventDate "2014.??.??"]
[WhiteTeam "SV Letmathe 1"]
[BlackTeam "SG Solingen 3"]

1. e4 c6 2. d4 d5 3. exd5 cxd5 4. c4 Nf6 5. Nc3 e6 6. Nf3 Bb4 7. cxd5 Nxd5 8.
Bd2 Nc6 9. Bd3 h6 10. O-O O-O 11. Rc1 Nce7 12. Bb1 Nf6 13. a3 Bxc3 14. bxc3 Bd7
15. Ne5 Bc6 16. Nxc6 Nxc6 17. Be3 Qd6 18. a4 Rfd8 19. Qf3 Qd5 20. Qg3 Qh5 21.
Bc2 Qg4 22. Qxg4 Nxg4 23. Be4 Rac8 24. Rb1 b6 25. Rfc1 Na5 26. Bd3 Nc4 27. Bf4
Nf6 28. Rb4 Na5 29. Ba6 Nd5 30. Bxc8 Rxc8 31. Bd2 Nxb4 32. cxb4 Rxc1+ 33. Bxc1
Nc6 34. d5 exd5 35. b5 Nd4 36. Kf1 Ne6 37. Ba3 f5 38. Ke2 Kf7 39. Kd3 Ke8 40.
g3 Kd7 41. Bb4 h5 42. h4 g6 43. Ke3 Kc8 44. Kd3 Kb7 45. Ke3 a6 46. bxa6+ Kxa6
47. Kd3 Kb7 48. a5 bxa5 49. Bxa5 Kc6 50. Bb4 f4 51. Ba3 Kd7 52. Bb4 Ng7 53. Ke2
Ke6 54. Kf3 fxg3 55. fxg3 Kf5 56. Bc3 Ne6 57. Bb2 Nd8 58. Bc1 Nc6 59. Bf4 d4
60. Bc7 Ne5+ 61. Ke2 Ke4 62. Ba5 d3+ 63. Kf2 Ng4+ 64. Ke1 Kf3 65. Bc7 Nf6 66.
Kd2 Ne4+ 67. Kxd3 Nxg3 68. Kd2 Nf5 69. Bd8 Kg4 70. Ke2 Nxh4 0-1

[Event "SG Solingen 3 - SV Letmathe 1"]
[Site "NRW-Klasse, Gruppe 2 2013/201"]
[Date "2014.03.09"]
[Round "7.4"]
[White "Neumair, Jerome"]
[Black "Oswald, Hans-Joachim"]
[Result "1/2-1/2"]
[WhiteElo "2107"]
[BlackElo "2190"]
[PlyCount "73"]
[EventDate "2014.??.??"]
[WhiteTeam "SG Solingen 3"]
[BlackTeam "SV Letmathe 1"]

1. d4 Nf6 2. c4 c5 3. d5 b5 4. cxb5 a6 5. bxa6 g6 6. Nc3 Bxa6 7. e4 Bxf1 8.
Kxf1 d6 9. g3 Bg7 10. Kg2 O-O 11. Nf3 Nbd7 12. Re1 Qa5 13. Qc2 Rfb8 14. Bd2 Ng4
15. h3 Nge5 16. Nxe5 Nxe5 17. b3 Qa6 18. Re3 Nd7 19. Rb1 Bd4 20. Ree1 Ne5 21.
a4 Nd3 22. Rf1 Nb4 23. Qd1 Qd3 24. Qe2 Bxc3 25. Qxd3 Nxd3 26. Bxc3 Rb7 27. Rfd1
Nb4 28. Rb2 Rab8 29. f4 Na6 30. Rdb1 f5 31. Kf3 Kf7 32. g4 fxe4+ 33. Kxe4 Nb4
34. Rd1 Na6 35. Rdb1 Nb4 36. Rd1 Na6 37. Rdb1 1/2-1/2

[Event "SG Solingen 3 - SV Letmathe 1"]
[Site "NRW-Klasse, Gruppe 2 2013/201"]
[Date "2014.03.09"]
[Round "7.5"]
[White "Soukup, Jiri"]
[Black "Auer, Martin"]
[Result "1-0"]
[WhiteElo "2273"]
[BlackElo "2140"]
[PlyCount "67"]
[EventDate "2014.??.??"]
[WhiteTeam "SV Letmathe 1"]
[BlackTeam "SG Solingen 3"]

1. e4 d6 2. d4 g6 3. Nc3 Bg7 4. Be3 a6 5. Qd2 Nd7 6. Be2 b5 7. f3 Nb6 8. b3 h5
9. a4 b4 10. Na2 a5 11. Rd1 Nf6 12. Bd3 Nbd7 13. Ne2 O-O 14. Bh6 e5 15. Bxg7
Kxg7 16. O-O exd4 17. Nxd4 Ne5 18. Be2 Bd7 19. Nc1 Qb8 20. Kh1 Qb6 21. Qg5 Nc6
22. Nxc6 Bxc6 23. Bc4 Rae8 24. Nd3 Bb7 25. Rfe1 c6 26. Qg3 d5 27. exd5 cxd5 28.
Bb5 Rxe1+ 29. Rxe1 Ba6 30. Bxa6 Qxa6 31. Re7 Qc6 32. Qxg6+ Kxg6 33. Ne5+ Kf5
34. Nxc6 1-0

[Event "SG Solingen 3 - SV Letmathe 1"]
[Site "NRW-Klasse, Gruppe 2 2013/201"]
[Date "2014.03.09"]
[Round "7.6"]
[White "Zolfagharian, Kevin"]
[Black "Gruermann, Martin"]
[Result "0-1"]
[WhiteElo "2050"]
[BlackElo "2110"]
[PlyCount "76"]
[EventDate "2014.??.??"]
[WhiteTeam "SG Solingen 3"]
[BlackTeam "SV Letmathe 1"]

1. e4 c5 2. Nf3 Nf6 3. Nc3 d5 4. exd5 Nxd5 5. Bb5+ Nc6 6. Ne5 Qd6 7. d4 cxd4 8.
Qxd4 Ndb4 9. Qe4 Nxc2+ 10. Kf1 f5 11. Qxc2 Qxe5 12. Qa4 e6 13. Bxc6+ bxc6 14.
Qxc6+ Kf7 15. g3 Bc5 16. Bf4 Qd4 17. Be3 Qd3+ 18. Kg1 Bxe3 19. Rd1 Bd2 20. Qxa8
Rd8 21. Nb1 Ba6 22. Qc6 Qe2 23. Kg2 Rd6 24. Qc7+ Kg6 25. Rxd2 Qe4+ 26. f3 Rxd2+
27. Nxd2 Qe2+ 28. Kh3 Qxd2 29. Qe7 Qh6+ 30. Kg2 Qd2+ 31. Kh3 Qh6+ 32. Qh4 Qe3
33. Qf4 Qf2 34. Qe5 Bf1+ 35. Kh4 Bc4 36. Qc3 Bd5 37. Qc8 Qxf3 38. Qe8+ Kh6 0-1

[Event "SG Solingen 3 - SV Letmathe 1"]
[Site "NRW-Klasse, Gruppe 2 2013/201"]
[Date "2014.03.09"]
[Round "7.7"]
[White "Haude, Ruediger"]
[Black "Peschel, Andreas"]
[Result "1/2-1/2"]
[WhiteElo "2030"]
[BlackElo "2053"]
[PlyCount "52"]
[EventDate "2014.??.??"]
[WhiteTeam "SV Letmathe 1"]
[BlackTeam "SG Solingen 3"]

1. d4 d5 2. c4 c6 3. Nf3 Nf6 4. Qb3 dxc4 5. Qxc4 Qd5 6. Qxd5 cxd5 7. Nc3 e6 8.
Bf4 Bb4 9. e3 O-O 10. Bd3 Nc6 11. Ke2 Nh5 12. Bg3 Nxg3+ 13. hxg3 h6 14. Rac1
Bd6 15. a3 Bd7 16. g4 e5 17. Bf5 Rad8 18. Rhd1 exd4 19. Nxd4 Nxd4+ 20. Rxd4
Bxf5 21. gxf5 Be5 22. Rd3 Bxc3 23. Rcxc3 Rd7 24. Rd4 Rfd8 25. Rcd3 Kf8 26. Kf3
Ke7 1/2-1/2

[Event "SG Solingen 3 - SV Letmathe 1"]
[Site "NRW-Klasse, Gruppe 2 2013/201"]
[Date "2014.03.09"]
[Round "7.8"]
[White "Reksten, Daniel"]
[Black "Weyrauch, Erich"]
[Result "0-1"]
[WhiteElo "1930"]
[BlackElo "2013"]
[PlyCount "56"]
[EventDate "2014.??.??"]
[WhiteTeam "SG Solingen 3"]
[BlackTeam "SV Letmathe 1"]

1. d4 d5 2. c4 c6 3. e3 Nf6 4. Nf3 Bf5 5. Nbd2 e6 6. Ne5 Nbd7 7. Be2 Bd6 8. f4
Ne4 9. Nxe4 Bxe4 10. O-O O-O 11. b3 f5 12. a4 Qe7 13. Nxd7 Qxd7 14. Ba3 Bxa3
15. Rxa3 Qe7 16. c5 b6 17. b4 bxc5 18. bxc5 Rab8 19. Bd3 Rb4 20. Bxe4 fxe4 21.
Ra1 Rfb8 22. f5 Qg5 23. fxe6 Rb2 24. g3 Qxe3+ 25. Kh1 Qh6 26. h4 Qxe6 27. g4
Qe7 28. Qe1 R8b3 0-1

[Event "SF Neuenkirchen 1 - SK Herne-Sodingen 1"]
[Site "NRW-Klasse, Gruppe 2 2013/201"]
[Date "2014.03.09"]
[Round "7.1"]
[White "Sandkamp, Ralph"]
[Black "Muschik, Benedikt"]
[Result "0-1"]
[WhiteElo "2203"]
[BlackElo "2285"]
[PlyCount "124"]
[EventDate "2014.??.??"]
[WhiteTeam "SK Herne-Sodingen 1"]
[BlackTeam "SF Neuenkirchen 1"]

1. d4 g6 2. e4 Bg7 3. Nc3 d6 4. Bg5 h6 5. Be3 Nd7 6. Qd2 a6 7. a4 b6 8. f4 Bb7
9. Nf3 e6 10. Bd3 Ne7 11. O-O c5 12. Rae1 Qc7 13. Rf2 c4 14. Bf1 Nf6 15. d5
exd5 16. Bd4 dxe4 17. Bxf6 Bxf6 18. Nxe4 Bxe4 19. Rxe4 c3 20. bxc3 O-O 21. c4
Qc6 22. Bd3 Nf5 23. g4 Nh4 24. Nd4 Bxd4 25. Rxd4 Nf3+ 26. Rxf3 Qxf3 27. f5 Rae8
28. fxg6 fxg6 29. Rxd6 Qxg4+ 30. Kh1 Qf3+ 31. Kg1 Qg4+ 32. Kh1 Qf3+ 33. Kg1 Rf6
34. Rxf6 Qxf6 35. Qxh6 Qd4+ 36. Kg2 Qg4+ 37. Kf2 Qd4+ 38. Kg2 Qg4+ 39. Kf2 Re6
40. h4 Qd4+ 41. Kg2 Qg4+ 42. Kf2 a5 43. c5 bxc5 44. h5 Qxh5 45. Qf4 Qe5 46.
Qxe5 Rxe5 47. Bxg6 Kf8 48. Kf3 Ke7 49. Be4 Kd6 50. Ke3 Rh5 51. Bd3 Rh3+ 52. Kd2
Kd5 53. Kc1 c4 54. Bg6 Kc5 55. Kb2 Kb4 56. Be8 c3+ 57. Ka2 Rh2 58. Bg6 Kxa4 59.
Bf5 Kb4 60. Bd3 Rh1 61. Bf5 Rc1 62. Bg6 Kc4 0-1

[Event "SF Neuenkirchen 1 - SK Herne-Sodingen 1"]
[Site "NRW-Klasse, Gruppe 2 2013/201"]
[Date "2014.03.09"]
[Round "7.2"]
[White "Rieke, Theo"]
[Black "Langers, Alexander"]
[Result "1/2-1/2"]
[WhiteElo "2000"]
[BlackElo "2187"]
[PlyCount "21"]
[EventDate "2014.??.??"]
[WhiteTeam "SF Neuenkirchen 1"]
[BlackTeam "SK Herne-Sodingen 1"]

1. g3 c5 2. Bg2 Nc6 3. c4 Nf6 4. Nc3 e6 5. Nf3 Be7 6. O-O O-O 7. d4 d5 8. cxd5
exd5 9. Bg5 c4 10. Ne5 Be6 11. f4 1/2-1/2

[Event "SF Neuenkirchen 1 - SK Herne-Sodingen 1"]
[Site "NRW-Klasse, Gruppe 2 2013/201"]
[Date "2014.03.09"]
[Round "7.3"]
[White "Wickenfeld, Stefan"]
[Black "Buendgen, Achim"]
[Result "1-0"]
[WhiteElo "2182"]
[BlackElo "2184"]
[PlyCount "91"]
[EventDate "2014.??.??"]
[WhiteTeam "SK Herne-Sodingen 1"]
[BlackTeam "SF Neuenkirchen 1"]

1. d4 Nf6 2. Nf3 c5 3. c3 cxd4 4. cxd4 d5 5. Nc3 Nc6 6. Bf4 a6 7. e3 Bg4 8. Be2
e6 9. O-O Be7 10. Rc1 O-O 11. a3 Rc8 12. Na4 Nh5 13. Bg3 Nxg3 14. hxg3 b5 15.
Nc5 Bxc5 16. Rxc5 Na5 17. Qc2 Nc4 18. Bd3 Rxc5 19. dxc5 Bxf3 20. gxf3 Qf6 21.
Kg2 g6 22. b3 Ne5 23. Be2 Nc6 24. b4 e5 25. Rd1 Rd8 26. Qb3 d4 27. Bd3 dxe3 28.
fxe3 Ne7 29. Be4 Nf5 30. Bxf5 gxf5 31. Rxd8+ Qxd8 32. Qc2 f4 33. c6 Qc7 34. e4
fxg3 35. Qc5 Kg7 36. Kxg3 Kf6 37. Kh4 Ke6 38. Kh5 Qd6 39. Qc2 Ke7 40. c7 Qg6+
41. Kh4 Qf6+ 42. Kg3 Qg5+ 43. Kh3 Qg1 44. c8=Q Qh1+ 45. Kg3 Qg1+ 46. Qg2 1-0

[Event "SF Neuenkirchen 1 - SK Herne-Sodingen 1"]
[Site "NRW-Klasse, Gruppe 2 2013/201"]
[Date "2014.03.09"]
[Round "7.4"]
[White "Wilde, Pierre"]
[Black "Waldschmidt, Georg"]
[Result "1-0"]
[WhiteElo "2222"]
[BlackElo "2197"]
[PlyCount "53"]
[EventDate "2014.??.??"]
[WhiteTeam "SF Neuenkirchen 1"]
[BlackTeam "SK Herne-Sodingen 1"]

1. c4 c5 2. g3 Nc6 3. Bg2 g6 4. Nc3 Bg7 5. Nf3 Nf6 6. d4 O-O 7. d5 Na5 8. Nd2
d6 9. a3 Ng4 10. Qc2 Ne5 11. b3 b5 12. cxb5 a6 13. bxa6 Bf5 14. e4 Bc8 15. b4
cxb4 16. axb4 Bxa6 17. b5 Qb6 18. bxa6 Qxa6 19. Bf1 Qb6 20. Be2 Rac8 21. O-O
Qb4 22. Qb2 Qc5 23. Qa3 Nf3+ 24. Nxf3 Bxc3 25. Qxc5 Rxc5 26. Ra4 Nb3 27. Be3
1-0

[Event "SF Neuenkirchen 1 - SK Herne-Sodingen 1"]
[Site "NRW-Klasse, Gruppe 2 2013/201"]
[Date "2014.03.09"]
[Round "7.5"]
[White "Trzaska, Peter"]
[Black "Beckmann, Klaus"]
[Result "1/2-1/2"]
[WhiteElo "2069"]
[BlackElo "2204"]
[PlyCount "78"]
[EventDate "2014.??.??"]
[WhiteTeam "SK Herne-Sodingen 1"]
[BlackTeam "SF Neuenkirchen 1"]

1. d4 Nf6 2. Nf3 e6 3. g3 b6 4. Bg2 Bb7 5. O-O c5 6. c4 cxd4 7. Nxd4 Bxg2 8.
Kxg2 Qc8 9. b3 a6 10. Bb2 Be7 11. Nc3 Qb7+ 12. Kg1 O-O 13. e3 Ra7 14. Qf3 Rc8
15. Qxb7 Rxb7 16. Rfd1 d6 17. Rac1 Nbd7 18. Ba3 Bf8 19. f3 Rbc7 20. Nde2 Nc5
21. e4 Nfd7 22. f4 Nf6 23. Bxc5 bxc5 24. Kg2 Nd7 25. Na4 Nb8 26. Rc2 g6 27.
Rcd2 f5 28. Kf3 Kf7 29. h3 Nc6 30. g4 fxe4+ 31. Kxe4 Nb4 32. Kf3 Nc6 33. Nac3
Nd4+ 34. Nxd4 cxd4 35. Ne4 e5 36. Ng5+ Kf6 37. Ne4+ Ke6 38. Ng5+ Kf6 39. Ne4+
Ke6 1/2-1/2